000 00376nam a2200133Ia 4500
008 231129s9999||||xx |||||||||||||| ||spa||
020 _a84-8280-715-3
040 _bspa
082 _a[sin clasif.]
100 _aCooper Fenimore
245 0 _aEl ultimo de los Mohicanos
264 _aBogotá Colombia: La Oveja Negra
942 _2ddc
_cBKS
999 _c12603
_d12603